| 000 | 00594nam a22002177a 4500 | ||
|---|---|---|---|
| 003 | Ost | ||
| 005 | 20260311042456.0 | ||
| 008 | 260311b |||||||| |||| 00| 0 eng d | ||
| 020 | _a9780199476299 | ||
| 040 | _cBT-PhCST | ||
| 050 | _a25697-25701 | ||
| 082 |
_222 _a621.3815 _bSED |
||
| 100 | _aSedra, Adel S. | ||
| 245 |
_aMicroelectronic circuits : _btheory and application / |
||
| 250 | _a7th ed. | ||
| 260 |
_aIndia : _bOxford University Press, _cc2016. |
||
| 300 |
_axxiii, 1297 p. : _bill. ; _c24 cm. |
||
| 500 | _aIncludes index. | ||
| 700 | _aSmith, Kenneth C. | ||
| 942 |
_2ddc _cECE |
||
| 999 |
_c10176 _d10176 |
||